[Event "Pozarevac Rudar IM-B 01"]
[Site "Pozarevac"]
[Date "2024.02.07"]
[Round "9.1"]
[White "Unat, Can Haktan"]
[Black "Lu, Miaoyi"]
[Result "1/2-1/2"]
[WhiteElo "2267"]
[BlackElo "2252"]
[PlyCount "124"]
[EventDate "2024.01.31"]
[EventType "tourn"]
[EventRounds "9"]
[EventCountry "SRB"]
[SourceTitle "CB07_2024"]
[SourceDate "2024.02.14"]
[SourceVersion "1"]
[SourceVersionDate "2024.02.14"]
[SourceQuality "1"]
[WhiteTeam "TIeam C"]
[BlackTeam "TIeam B"]
[WhiteTeamCountry "SRB"]
[BlackTeamCountry "SRB"]

1. e4 c5 2. Nf3 Nc6 3. d4 cxd4 4. Nxd4 Nf6 5. Nc3 e6 6. Ndb5 Bb4 7. a3 Bxc3+ 8. Nxc3 d5 9. exd5 exd5 10. Bd3 0-0 11. 0-0 Bg4 12. f3 Bh5 13. Bg5 Qb6+ 14. Kh1 Ne4 15. Nxe4 dxe4 16. Bxe4 Qxb2 17. Qb1 Qb6 18. Qxb6 axb6 19. Be3 Bg6 20. Bxg6 hxg6 21. Bxb6 Ne5 22. Rfb1 Nc4 23. a4 Nxb6 24. Rxb6 Rfc8 25. Ra2 Rc7 26. h3 Ra5 27. Kh2 Rac5 28. Rab2 Rxc2 29. Rxc2 Rxc2 30. Rxb7 Ra2 31. Ra7 g5 32. a5 f6 33. a6 Kh7 34. Kg1 Kg6 35. g4 Kh7 36. Kf1 Ra3 37. Ke2 Kg6 38. Ra8 f5 39. Kd2 f4 40. a7 Kf7 41. Kc2 Ra1 42. Kb2 Ra5 43. Kc3 Ra1 44. Kb4 Rb1+ 45. Kc5 Ra1 46. Kc6 Rc1+ 47. Kd7 Rd1+ 48. Kc7 Rc1+ 49. Kd6 Rd1+ 50. Ke5 Ra1 51. Ke4 Ra4+ 52. Kd3 Ra1 53. Kc2 Ra2+ 54. Kb3 Ra1 55. Kb4 Rb1+ 56. Ka5 Ra1+ 57. Kb6 Rb1+ 58. Kc7 Rc1+ 59. Kd6 Rd1+ 60. Ke5 Ra1 61. Kf5 Ra5+ 62. Ke4 Ra4+ 1/2-1/2

[Event "Pozarevac Rudar IM 01"]
[Site "Pozarevac"]
[Date "2024.01.26"]
[Round "4.3"]
[White "Ilincic, Zlatko"]
[Black "Unat, Can Haktan"]
[Result "0-1"]
[WhiteElo "2291"]
[BlackElo "2267"]
[PlyCount "208"]
[EventDate "2024.01.24"]
[EventType "tourn"]
[EventRounds "9"]
[EventCountry "SRB"]
[SourceTitle "CB06_2024"]
[SourceDate "2024.02.07"]
[SourceVersion "1"]
[SourceVersionDate "2024.02.07"]
[SourceQuality "1"]
[WhiteTeam "Team A"]
[BlackTeam "Team D"]
[WhiteTeamCountry "SRB"]
[BlackTeamCountry "SRB"]

1. d4 d5 2. c4 e6 3. Nc3 Nf6 4. cxd5 exd5 5. Bg5 Bb4 6. e3 h6 7. Bxf6 Qxf6 8. Qa4+ Nc6 9. Bb5 Bd7 10. Nge2 a6 11. Bxc6 Bxc3+ 12. Nxc3 Bxc6 13. Qb3 Rd8 14. 0-0 0-0 15. a4 Qd6 16. Qa3 Qe6 17. b4 f5 18. b5 Be8 19. bxa6 Qxa6 20. Qe7 Rd7 21. Qe5 Qa5 22. Rfc1 c6 23. Ne2 Qd8 24. a5 f4 25. Qe6+ Bf7 26. Qh3 fxe3 27. fxe3 Qe8 28. Nf4 Re7 29. Re1 Re4 30. Qg3 Be6 31. h3 Bc8 32. Kh2 Rf5 33. Rab1 Rg5 34. Qf3 h5 35. a6 bxa6 36. Rb8 Rf5 37. Qg3 Rfxf4 38. exf4 Rxe1 39. Rxc8 Qxc8 40. Qxe1 Qf5 41. Qc1 Qf6 42. Kh1 a5 43. Qc5 a4 44. Qa7 Qxf4 45. Qxa4 Qf6 46. Qb4 Kh7 47. Qb1+ Kh6 48. Qc1+ Kg6 49. Qc2+ Kf7 50. Qc5 g5 51. Kg1 g4 52. hxg4 hxg4 53. Qc3 g3 54. Qxg3 Qxd4+ 55. Kf1 c5 56. Qc7+ Kg6 57. Ke2 Qe4+ 58. Kf2 c4 59. g3 Qd4+ 60. Kg2 c3 61. Kh3 Qf6 62. g4 Qf3+ 63. Kh4 Qf2+ 64. Kh3 Qe3+ 65. Kh4 d4 66. Qd6+ Kf7 67. g5 Qe4+ 68. Kh5 Qh7+ 69. Kg4 Qe4+ 70. Kh5 Qe2+ 71. Kh4 c2 72. Qf6+ Ke8 73. Qh8+ Ke7 74. Qf6+ Kd7 75. Qxd4+ Ke6 76. Qb6+ Kd5 77. Qb7+ Kd4 78. Qb6+ Kc3 79. Qa5+ Kd3 80. Qb5+ Kd2 81. Qb4+ Ke3 82. Qc5+ Kf4 83. Qc7+ Kf3 84. Qc3+ Kf4 85. Qc7+ Qe5 86. Qf7+ Ke3 87. Qb3+ Kd2 88. Qb4+ Kd3 89. Qa3+ Qc3 90. Qc1 Qd2 91. Qa3+ Ke2 92. Qa6+ Kd1 93. Qa4 Ke2 94. Qe4+ Kf2 95. Qf5+ Kg1 96. Qg4+ Kh1 97. Qe4+ Kg1 98. Qg4+ Qg2 99. Qc4 Qh2+ 100. Kg4 Qd2 101. Qc5+ Kf1 102. Qf5+ Qf2 103. Qc8 Qe2+ 104. Kh4 Qe1+ 0-1

[Event "Ustron op-A"]
[Site "Ustron"]
[Date "2023.08.18"]
[Round "8"]
[White "Unat, Can Haktan"]
[Black "Krawczyk, Flawian"]
[Result "1/2-1/2"]
[WhiteElo "2239"]
[BlackElo "2243"]
[PlyCount "123"]
[EventDate "2023.08.11"]
[EventType "swiss"]
[EventRounds "9"]
[EventCountry "POL"]
[SourceTitle "CBM 215 Extra"]
[Source "ChessBase"]
[SourceDate "2023.09.30"]
[SourceVersion "1"]
[SourceVersionDate "2023.09.30"]
[SourceQuality "1"]

1. e4 c5 2. Nf3 d6 3. d4 cxd4 4. Nxd4 Nf6 5. Nc3 a6 6. Rg1 h5 7. h3 e5 8. Nb3 Be6 9. Bg5 Nbd7 10. Qd2 Be7 11. Bd3 Rc8 12. 0-0-0 b5 13. f4 exf4 14. Bxf4 Ne5 15. Kb1 Qc7 16. Nd5 Nxd5 17. exd5 Bxd5 18. Bf5 Be6 19. Nd4 Bxf5 20. Nxf5 0-0 21. Qc3 Bf6 22. Qxc7 Rxc7 23. Rxd6 Rc4 24. Rf1 Re8 25. Bc1 Rc6 26. Re1 Rxd6 27. Nxd6 Re6 28. Nf5 Nc4 29. Rxe6 fxe6 30. Ng3 h4 31. Ne4 Be7 32. b3 Nb6 33. Kb2 Kf7 34. Kc3 Kg6 35. Kd3 Kf5 36. g3 Nd5 37. a3 Nf6 38. g4+ Ke5 39. Ng5 Nd7 40. Nf3+ Kd6 41. Bf4+ e5 42. Bh2 Ke6 43. b4 Kd5 44. Nd2 Nb6 45. Ne4 Nc4 46. Nc3+ Ke6 47. Nb1 Bg5 48. a4 Bf4 49. Bxf4 exf4 50. axb5 axb5 51. Ke4 g5 52. Nc3 Na3 53. Nd5 Nxc2 54. Nc7+ Kf6 55. Nd5+ Kf7 56. Kd3 Na3 57. Nc3 Kg6 58. Ke4 Nc2 59. Nd5 Ne1 60. Nc3 Nc2 61. Nd5 Ne1 62. Nc3 1/2-1/2

[Event "Ustron op-A"]
[Site "Ustron"]
[Date "2023.08.17"]
[Round "7"]
[White "Kacprzak, Kacper"]
[Black "Unat, Can Haktan"]
[Result "1/2-1/2"]
[WhiteElo "2291"]
[BlackElo "2239"]
[PlyCount "81"]
[EventDate "2023.08.11"]
[EventType "swiss"]
[EventRounds "9"]
[EventCountry "POL"]
[SourceTitle "CBM 215 Extra"]
[Source "ChessBase"]
[SourceDate "2023.09.30"]
[SourceVersion "1"]
[SourceVersionDate "2023.09.30"]
[SourceQuality "1"]

1. e4 c5 2. Nf3 e6 3. d4 cxd4 4. Nxd4 Nf6 5. Nc3 Nc6 6. Nxc6 bxc6 7. e5 Nd5 8. Ne4 Bb7 9. Be2 c5 10. 0-0 Qc7 11. Nd6+ Bxd6 12. exd6 Qc6 13. f3 e5 14. c4 Nf4 15. Bxf4 exf4 16. Qd2 0-0 17. Qxf4 Rae8 18. Rf2 Re6 19. Rd1 Qa4 20. Ra1 Qa6 21. Qg5 Qb6 22. Bf1 Qxd6 23. Rd2 Qc7 24. Qg3 Qxg3 25. hxg3 Bc6 26. Kf2 Rb8 27. Bd3 g6 28. b3 a5 29. Bc2 Rbe8 30. Bd3 a4 31. Re2 Ra8 32. Rb1 axb3 33. axb3 Rd6 34. Rd2 Rd4 35. Ke1 d5 36. cxd5 Rxd5 37. Be2 Rxd2 38. Kxd2 Ra2+ 39. Ke3 Bd5 40. Rc1 Bxb3 41. Rxc5 1/2-1/2

[Event "Ustron op-A"]
[Site "Ustron"]
[Date "2023.08.16"]
[Round "6"]
[White "Unat, Can Haktan"]
[Black "Niekras, Dawid"]
[Result "0-1"]
[WhiteElo "2239"]
[BlackElo "2316"]
[PlyCount "132"]
[EventDate "2023.08.11"]
[EventType "swiss"]
[EventRounds "9"]
[EventCountry "POL"]
[SourceTitle "CBM 215 Extra"]
[Source "ChessBase"]
[SourceDate "2023.09.30"]
[SourceVersion "1"]
[SourceVersionDate "2023.09.30"]
[SourceQuality "1"]

1. e4 c5 2. Nf3 e6 3. d4 cxd4 4. Nxd4 Nc6 5. Nc3 Qc7 6. g3 a6 7. Bg2 Nge7 8. 0-0 Nxd4 9. Qxd4 Nc6 10. Qd2 Be7 11. b3 0-0 12. Bb2 d6 13. Ne2 Rd8 14. c4 Bd7 15. Rac1 Rac8 16. Rfd1 b5 17. Ba3 Be8 18. Nd4 Qb6 19. cxb5 axb5 20. Nxc6 Rxc6 21. Bb4 Qa7 22. a3 h6 23. Qe2 Qc7 24. Rxc6 Bxc6 25. Rc1 Qb7 26. Rc3 Bf6 27. Rc1 Be7 28. Qc2 Rc8 29. Rd1 Rd8 30. f4 Bf8 31. Rc1 Qb6+ 32. Qf2 Qb7 33. Ba5 Ra8 34. Qb6 Bxe4 35. Qxb7 Bxb7 36. Bxb7 Rxa5 37. Ra1 d5 38. a4 bxa4 39. bxa4 g5 40. Kf2 Kg7 41. Ra2 gxf4 42. gxf4 Bb4 43. Bc6 Rc5 44. Bb5 Kf6 45. Bd3 Ba5 46. Rc2 Rxc2+ 47. Bxc2 Ke7 48. Ke3 Kd6 49. Bh7 f6 50. h3 e5 51. fxe5+ fxe5 52. Kd3 Bb6 53. Bf5 Ke7 54. Kc3 e4 55. a5 Bc5 56. a6 Kf6 57. Bd7 Ke5 58. h4 d4+ 59. Kc4 Ba7 60. Be8 Kf4 61. Bg6 d3 62. Bh5 Kg3 63. Kc3 Kf2 64. Kd2 Bb6 65. Bg6 e3+ 66. Kxd3 e2 0-1

[Event "Ustron op-A"]
[Site "Ustron"]
[Date "2023.08.13"]
[Round "3"]
[White "Baum, Jonasz"]
[Black "Unat, Can Haktan"]
[Result "1-0"]
[WhiteElo "2429"]
[BlackElo "2239"]
[PlyCount "183"]
[EventDate "2023.08.11"]
[EventType "swiss"]
[EventRounds "9"]
[EventCountry "POL"]
[SourceTitle "CBM 215 Extra"]
[Source "ChessBase"]
[SourceDate "2023.09.30"]
[SourceVersion "1"]
[SourceVersionDate "2023.09.30"]
[SourceQuality "1"]

1. e4 c5 2. Nf3 e6 3. d4 cxd4 4. Nxd4 Nf6 5. Nc3 Nc6 6. Nxc6 bxc6 7. e5 Nd5 8. Ne4 Bb7 9. Be2 c5 10. 0-0 Qc7 11. Nd6+ Bxd6 12. exd6 Qc6 13. f3 c4 14. Qd4 0-0 15. Bxc4 Qxd6 16. b3 Qb6 17. Qxb6 Nxb6 18. Bd3 Rfc8 19. a4 Nd5 20. Bd2 a5 21. Rfe1 Kf8 22. Be4 Bc6 23. Rad1 f5 24. Bxd5 Bxd5 25. c4 Bc6 26. Bf4 d5 27. c5 Ke7 28. Bd6+ Kd7 29. g4 fxg4 30. fxg4 d4 31. Rxd4 Bd5 32. b4 axb4 33. Rxb4 Ra7 34. Rf1 Rca8 35. a5 e5 36. Rd1 Bf3 37. Rd2 Ke6 38. Kf2 e4 39. Rb6 Rxa5 40. Bf4+ Kf7 41. Rb7+ Kf8 42. Rdd7 Ra2+ 43. Kg3 Rg2+ 44. Kh3 Rxg4 45. Bd6+ Kg8 46. Be5 e3 47. Rxg7+ Rxg7 48. Rxg7+ Kf8 49. Rg3 Bc6 50. Rxe3 Ra4 51. Bd6+ Kf7 52. Kg3 Re4 53. Rb3 Ke6 54. Rb6 Kd5 55. Rb8 Re8 56. Rb4 Re4 57. Rb3 Kd4 58. Rb8 Re8 59. Rb4+ Ke3 60. Bf4+ Kd3 61. Kg4 Be4 62. Bd6 Bd5 63. Kg5 Re6 64. Kf5 Re8 65. Kf6 Re6+ 66. Kg7 h5 67. Rh4 Re2 68. Rxh5 Bc6 69. Rg5 Re4 70. Bg3 Kc4 71. Bd6 Rh4 72. Kf6 Kb5 73. Rg1 Be4 74. Re1 Bf3 75. Re3 Bd5 76. Kg5 Rh8 77. h4 Rg8+ 78. Kf6 Rh8 79. Rh3 Rh6+ 80. Kg5 Rh8 81. h5 Kc6 82. h6 Be4 83. Kf6 Bc2 84. Kg7 Rh7+ 85. Kg8 Bb1 86. Rb3 Be4 87. Rb6+ Kd5 88. Bf8 Rc7 89. Rf6 Ke5 90. Bd6+ Kxf6 91. Bxc7 Kg6 92. Bf4 1-0

[Event "Cesme op-A 9th"]
[Site "Cesme"]
[Date "2023.06.20"]
[Round "3"]
[White "Haznedaroglu, Kivanc"]
[Black "Unat, Can Haktan"]
[Result "1-0"]
[WhiteElo "2422"]
[BlackElo "2276"]
[PlyCount "105"]
[EventDate "2023.06.19"]
[EventType "swiss"]
[EventRounds "9"]
[EventCountry "TUR"]
[SourceTitle "CBM 214 Extra"]
[Source "ChessBase"]
[SourceDate "2023.07.31"]
[SourceVersion "1"]
[SourceVersionDate "2023.07.31"]
[SourceQuality "1"]

1. d4 Nf6 2. c4 e6 3. Nf3 d5 4. Bf4 Bb4+ 5. Nbd2 dxc4 6. Qc2 b5 7. a4 c6 8. e4 Bb7 9. Be2 c5 10. axb5 Bxe4 11. Qxc4 Bd5 12. Qd3 Nbd7 13. 0-0 0-0 14. Ne5 cxd4 15. Qxd4 Bc5 16. Qd3 Nxe5 17. Bxe5 Qe7 18. Qg3 Rfd8 19. Nb1 Bd6 20. Nc3 Bxe5 21. Qxe5 Bb7 22. Rfd1 Rdc8 23. Qe3 Rc5 24. b4 Rcc8 25. Rxa7 Qxb4 26. Rxb7 Rxc3 27. Qe5 Rcc8 28. Bf3 h6 29. h3 Qa5 30. Kh2 Qa2 31. Rc7 Qxf2 32. Bxa8 Rxa8 33. Rd3 Qf1 34. Rf3 Qb1 35. Rxf6 gxf6 36. Qxf6 Qf5 37. Qxf5 exf5 38. b6 Kg7 39. b7 Rb8 40. Kg3 Kg6 41. Kf4 h5 42. g3 f6 43. Rd7 Re8 44. Rd4 Kf7 45. Rb4 Rb8 46. Kxf5 Ke7 47. Rb6 Kd8 48. Kxf6 Kc7 49. Rb3 Kd6 50. Kg5 Kc7 51. Kxh5 Rh8+ 52. Kg6 Kb8 53. g4 1-0

[Event "Titled Tuesday intern op 22nd Nov Early"]
[Site "Chess.com INT"]
[Date "2022.11.22"]
[Round "3"]
[White "Dilanyan, Grigor"]
[Black "Unat, Can Haktan"]
[Result "0-1"]
[WhiteElo "2174"]
[BlackElo "2246"]
[PlyCount "154"]
[EventDate "2022.11.22"]
[EventType "swiss (blitz)"]
[EventRounds "11"]
[EventCountry "USA"]
[SourceTitle "CBM 211 Extra"]
[Source "ChessBase"]
[SourceDate "2023.01.31"]
[SourceVersion "1"]
[SourceVersionDate "2023.01.31"]
[SourceQuality "1"]

1. e4 e6 2. d4 d5 3. exd5 exd5 4. Nf3 Nf6 5. Bd3 c5 6. 0-0 Nc6 7. Re1+ Be6 8. c3 Be7 9. Ng5 Bg4 10. f3 Bd7 11. dxc5 h6 12. Nh3 Bxh3 13. gxh3 0-0 14. Be3 Nd7 15. b4 Bg5 16. f4 Bh4 17. Re2 Qf6 18. b5 Ne7 19. Rg2 Nf5 20. Bxf5 Qxf5 21. Qg4 Qxg4 22. Rxg4 Be7 23. Bd4 f6 24. c6 bxc6 25. bxc6 Nb8 26. c7 Na6 27. Nd2 Nxc7 28. Re1 Bd6 29. Kf2 Kf7 30. f5 Bxh2 31. Nf3 Bd6 32. Reg1 Rg8 33. a4 Rae8 34. Ne1 h5 35. Rh4 Re4 36. Rxe4 dxe4 37. Nc2 Rb8 38. Ke3 Rb2 39. Rc1 Ra2 40. Bxa7 Rxa4 41. Bd4 Nd5+ 42. Kxe4 Nxc3+ 43. Kd3 Nd5 44. Ke4 Nf4 45. h4 Be5 46. Ke3 Ng2+ 47. Kd3 Nxh4 48. Bxe5 fxe5 49. Ne3 Rd4+ 50. Ke2 Rd7 51. Rh1 Rd4 52. Rc1 Kf6 53. Rc6+ Kg5 54. Rc7 Nxf5 55. Nxf5 Kxf5 56. Rxg7 Ra4 57. Rh7 h4 58. Kf3 Ra3+ 59. Kf2 h3 60. Rh5+ Ke4 61. Rh4+ Kd5 62. Ke2 h2 63. Kf2 Ra1 64. Rxh2 Ra2+ 65. Kg3 Rxh2 66. Kxh2 Ke4 67. Kg3 Ke3 68. Kg4 e4 69. Kf5 Kf3 70. Kg5 e3 71. Kf5 e2 72. Kg5 e1Q 73. Kf5 Qe4+ 74. Kg5 Qe5+ 75. Kh4 Qg7 76. Kh5 Kf4 77. Kh4 Qg4# 0-1

[Event "Titled Tuesday intern op 22nd Nov Early"]
[Site "Chess.com INT"]
[Date "2022.11.22"]
[Round "4"]
[White "Unat, Can Haktan"]
[Black "Begmuratov, Khumoyun"]
[Result "0-1"]
[WhiteElo "2246"]
[BlackElo "2399"]
[PlyCount "64"]
[EventDate "2022.11.22"]
[EventType "swiss (blitz)"]
[EventRounds "11"]
[EventCountry "USA"]
[SourceTitle "CBM 211 Extra"]
[Source "ChessBase"]
[SourceDate "2023.01.31"]
[SourceVersion "1"]
[SourceVersionDate "2023.01.31"]
[SourceQuality "1"]

1. e4 e5 2. Nf3 Nc6 3. Bb5 Nf6 4. 0-0 Nxe4 5. d4 Nd6 6. a4 Nxb5 7. axb5 Nxd4 8. Nxd4 exd4 9. Re1+ Be7 10. Bg5 f6 11. Qxd4 0-0 12. Bf4 d5 13. Rxa7 Rxa7 14. Qxa7 Re8 15. Qe3 Bd7 16. Qc3 c5 17. bxc6 bxc6 18. Na3 Bf8 19. Rd1 Bg4 20. f3 Qb6+ 21. Kh1 Bf5 22. h3 Re2 23. Rf1 Bc5 24. Nb1 Rxc2 25. Qe1 Kf7 26. Nc3 Qxb2 27. Na4 Qb4 28. Nxc5 Qxf4 29. Qa1 Bxh3 30. Qa7+ Kg6 31. Qxg7+ Kxg7 32. Ne6+ Bxe6 0-1

[Event "Titled Tuesday intern op 22nd Nov Early"]
[Site "Chess.com INT"]
[Date "2022.11.22"]
[Round "5"]
[White "Unat, Can Haktan"]
[Black "Cruz Mendez, Jean Marcos"]
[Result "1-0"]
[WhiteElo "2246"]
[BlackElo "2018"]
[PlyCount "101"]
[EventDate "2022.11.22"]
[EventType "swiss (blitz)"]
[EventRounds "11"]
[EventCountry "USA"]
[SourceTitle "CBM 211 Extra"]
[Source "ChessBase"]
[SourceDate "2023.01.31"]
[SourceVersion "1"]
[SourceVersionDate "2023.01.31"]
[SourceQuality "1"]

1. e4 c5 2. Nf3 Nc6 3. Bb5 g6 4. c3 Nf6 5. e5 Nd5 6. 0-0 Bg7 7. d4 cxd4 8. cxd4 0-0 9. Bc4 Nb6 10. Bb3 d5 11. Nc3 Bg4 12. Be3 e6 13. h3 Bxf3 14. Qxf3 a6 15. Rac1 Rc8 16. Rfd1 Na5 17. Na4 Nxa4 18. Bxa4 b5 19. Bb3 Nc4 20. Bxc4 bxc4 21. Bd2 Rb8 22. Bc3 Qd7 23. Qe2 Rfc8 24. f4 Qa4 25. g4 Bh6 26. Qf3 Qd7 27. Rc2 a5 28. Rg2 a4 29. f5 Bf8 30. Rf1 a3 31. bxa3 Bxa3 32. h4 Bb4 33. h5 Bxc3 34. Qxc3 Rb5 35. hxg6 hxg6 36. fxg6 fxg6 37. Qc2 Kg7 38. Rf6 Qe8 39. Rgf2 Rcb8 40. Qc3 Rb1+ 41. Kg2 R8b7 42. Qc2 R1b2 43. Qxb2 Rxb2 44. Rxb2 Qd7 45. g5 Qa7 46. Rbf2 c3 47. Kf1 Qa6+ 48. Ke1 Qa7 49. Rf7+ Qxf7 50. Rxf7+ Kxf7 51. Kd1 1-0

[Event "EU-ch U18 30th"]
[Site "Antalya"]
[Date "2022.11.11"]
[Round "6"]
[White "Risteski, Emil"]
[Black "Unat, Can Haktan"]
[Result "0-1"]
[WhiteElo "2371"]
[BlackElo "2246"]
[PlyCount "54"]
[EventDate "2022.11.06"]
[EventType "swiss"]
[EventRounds "9"]
[EventCountry "TUR"]
[SourceTitle "CBM 211 Extra"]
[Source "ChessBase"]
[SourceDate "2023.01.31"]
[SourceVersion "1"]
[SourceVersionDate "2023.01.31"]
[SourceQuality "1"]

1. e4 c5 2. f4 d5 3. exd5 Nf6 4. Bb5+ Nbd7 5. c4 a6 6. Bxd7+ Bxd7 7. Qe2 Qc7 8. Nf3 0-0-0 9. Ne5 e6 10. Nxf7 Re8 11. d6 Bxd6 12. Nxh8 Rxh8 13. Nc3 e5 14. f5 e4 15. g4 h5 16. g5 Ng4 17. Nxe4 Bxf5 18. d3 Bxh2 19. Kd2 Rd8 20. Kc2 Qe5 21. Rf1 Bg6 22. Rf3 b5 23. b3 bxc4 24. bxc4 Qxa1 25. Bb2 Qxa2 26. Nd6+ Rxd6 27. Rf8+ Kd7 0-1

[Event "EU-ch U18 30th"]
[Site "Antalya"]
[Date "2022.11.10"]
[Round "5"]
[White "Rozen, Eytan"]
[Black "Unat, Can Haktan"]
[Result "1/2-1/2"]
[WhiteElo "2459"]
[BlackElo "2246"]
[PlyCount "160"]
[EventDate "2022.11.06"]
[EventType "swiss"]
[EventRounds "9"]
[EventCountry "TUR"]
[SourceTitle "CBM 211 Extra"]
[Source "ChessBase"]
[SourceDate "2023.01.31"]
[SourceVersion "1"]
[SourceVersionDate "2023.01.31"]
[SourceQuality "1"]

1. c4 Nf6 2. Nf3 e6 3. g3 d5 4. Bg2 dxc4 5. Qa4+ Nbd7 6. Qxc4 Be7 7. 0-0 0-0 8. Qc2 c5 9. Nc3 Nb6 10. Rd1 Bd7 11. d4 c4 12. e4 h6 13. Ne5 Rc8 14. Bf4 Be8 15. Qe2 Na4 16. Rac1 Qb6 17. Rd2 Qa6 18. h4 b5 19. Nxa4 Qxa4 20. d5 exd5 21. exd5 Bb4 22. Rdd1 Bd7 23. Nxd7 Nxd7 24. Bxh6 gxh6 25. Qg4+ Kh8 26. Qxd7 Qa6 27. d6 Rcd8 28. Qe7 f5 29. Qe5+ Kh7 30. Bh3 Rxd6 31. Bxf5+ Kg8 32. Rxd6 Qxd6 33. Qxb5 c3 34. Rxc3 Bxc3 35. Qc4+ Kg7 36. Qxc3+ Qf6 37. Qxf6+ Kxf6 38. Be4 Rd8 39. b3 Rd4 40. Bh7 Kg7 41. Bf5 Kf6 42. Bh7 Kg7 43. Bc2 Rd2 44. Be4 Rxa2 45. Kg2 a5 46. g4 Kf6 47. Bc6 Rc2 48. Ba4 Ke5 49. Kg3 Rc3+ 50. f3 Re3 51. g5 hxg5 52. hxg5 Kf5 53. g6 Kxg6 54. Kf4 Re6 55. Bb5 Kf6 56. Bc4 Re5 57. Bg8 Rh5 58. Ke4 Rh4+ 59. f4 Rh1 60. Bc4 Re1+ 61. Kd4 Kf5 62. Kc5 Ra1 63. Kb6 Ra3 64. Bb5 Rxb3 65. Kxa5 Kxf4 66. Ka4 Rb2 67. Bc4 Ke3 68. Ka3 Rf2 69. Kb3 Kd4 70. Be6 Rf6 71. Bg8 Rf8 72. Be6 Kd3 73. Bc4+ Kd2 74. Be6 Rd8 75. Kb2 Rd6 76. Bf7 Rb6+ 77. Ka1 Kc2 78. Bd5 Rd6 79. Bf7 Ra6+ 80. Ba2 Rxa2+ 1/2-1/2

[Event "Titled Tuesday intern op 01st Nov Early"]
[Site "Chess.com INT"]
[Date "2022.11.01"]
[Round "4"]
[White "Quirke, Jeffrey"]
[Black "Unat, Can Haktan"]
[Result "0-1"]
[WhiteElo "2004"]
[BlackElo "2246"]
[PlyCount "52"]
[EventDate "2022.11.01"]
[EventType "swiss (blitz)"]
[EventRounds "11"]
[EventCountry "USA"]
[SourceTitle "EXT 2024"]
[Source "ChessBase"]
[SourceDate "2023.10.10"]
[SourceVersion "1"]
[SourceVersionDate "2023.10.10"]
[SourceQuality "1"]

1. e4 c5 2. Nc3 g6 3. f4 Bg7 4. Nf3 e6 5. d4 cxd4 6. Nxd4 d5 7. exd5 exd5 8. Bb5+ Bd7 9. Qe2+ Ne7 10. Be3 0-0 11. 0-0-0 Nbc6 12. g4 a6 13. Bxc6 bxc6 14. Na4 Qa5 15. b3 c5 16. Nf3 Bxa4 17. bxa4 Rab8 18. Ne5 d4 19. Nd7 dxe3 20. Nxb8 Rxb8 21. Rd3 Bb2+ 22. Kd1 Bc3 23. Qxe3 Rb1+ 24. Ke2 Rxh1 25. Qxe7 Re1+ 26. Kf2 Rxe7 0-1

[Event "Titled Tuesday intern op 01st Nov Early"]
[Site "Chess.com INT"]
[Date "2022.11.01"]
[Round "8"]
[White "Unat, Can Haktan"]
[Black "Ristic, Nebojsa M"]
[Result "0-1"]
[WhiteElo "2246"]
[BlackElo "2335"]
[PlyCount "110"]
[EventDate "2022.11.01"]
[EventType "swiss (blitz)"]
[EventRounds "11"]
[EventCountry "USA"]
[SourceTitle "EXT 2024"]
[Source "ChessBase"]
[SourceDate "2023.10.10"]
[SourceVersion "1"]
[SourceVersionDate "2023.10.10"]
[SourceQuality "1"]

1. d4 Nf6 2. c4 e6 3. Nc3 Bb4 4. Bg5 h6 5. Bh4 g5 6. Bg3 Ne4 7. Qc2 f5 8. a3 Bxc3+ 9. bxc3 0-0 10. f3 Nxg3 11. hxg3 Qf6 12. Nh3 b6 13. e4 d6 14. Bd3 Nc6 15. Nf2 Ba6 16. 0-0-0 Na5 17. Rh5 Kg7 18. Rdh1 Bxc4 19. e5 dxe5 20. dxe5 Qxe5 21. Rxh6 Qe3+ 22. Kb1 Rh8 23. Rxh8 Rxh8 24. Rd1 Bb3 25. Qd2 Qxd2 26. Rxd2 Rh2 27. Nh3 Kf6 28. f4 g4 29. Nf2 Bd5 30. Bf1 Nb3 31. Re2 Bc4 32. Rb2 Bxf1 33. Rxb3 Rxg2 34. Nd1 Bd3+ 35. Kc1 Rc2+ 36. Kb1 Rg2+ 37. Kc1 Rxg3 38. Kd2 Bc4 39. Rb4 Rg2+ 40. Kc1 Bd5 41. Ne3 Rg1+ 42. Kd2 Be4 43. Rd4 Ra1 44. Rd8 Rxa3 45. Ke1 Rxc3 46. Ke2 Bf3+ 47. Kf2 a5 48. Nf1 a4 49. Rd7 a3 50. Ng3 a2 51. Nh5+ Kg6 52. Ng7 Rc2+ 53. Kg3 a1Q 54. Ne8 Qg1+ 55. Kh4 Qh2# 0-1

[Event "Titled Tuesday intern op 04th Oct Early"]
[Site "Chess.com INT"]
[Date "2022.10.04"]
[Round "11"]
[White "Quirke, Jeffrey"]
[Black "Unat, Can Haktan"]
[Result "1-0"]
[WhiteElo "2047"]
[BlackElo "2246"]
[PlyCount "93"]
[EventDate "2022.10.04"]
[EventType "swiss (blitz)"]
[EventRounds "11"]
[EventCountry "USA"]
[SourceTitle "EXT 2023"]
[Source "ChessBase"]
[SourceDate "2022.10.05"]
[SourceVersion "1"]
[SourceVersionDate "2022.10.05"]
[SourceQuality "1"]

1. c4 Nf6 2. g3 d5 3. cxd5 Nxd5 4. Bg2 g6 5. h4 h5 6. Nc3 Nxc3 7. bxc3 Bg7 8. Rb1 Nd7 9. Nf3 Nb6 10. 0-0 Bf5 11. d3 Bxc3 12. Bb2 Bxb2 13. Rxb2 0-0 14. a4 a5 15. Nd2 Rb8 16. Qb3 Be6 17. Qb5 Qd7 18. Ra1 Rfd8 19. Ne4 Bd5 20. Nc5 Qxb5 21. Rxb5 Bxg2 22. Kxg2 Rd5 23. e4 Rd4 24. Rxa5 Nc8 25. Rb5 b6 26. Na6 Rb7 27. Ra3 c6 28. Rb1 Rbd7 29. Nb4 c5 30. Nd5 Kg7 31. Nxb6 Rb7 32. a5 Na7 33. Kf3 Nc6 34. Ke3 Nb4 35. Rab3 Ra7 36. Nc4 Nxd3 37. Rxd3 Rxc4 38. Ra3 Rc2 39. a6 c4 40. Rb7 Ra8 41. a7 c3 42. Rb8 Rxa7 43. Rxa7 Rc1 44. Rc7 c2 45. Rbc8 Re1+ 46. Kf3 g5 47. hxg5 1-0

[Event "TUR-chT"]
[Site "Ankara"]
[Date "2022.08.25"]
[Round "11.3"]
[White "Daneshvar, Bardiya"]
[Black "Unat, Can Haktan"]
[Result "1-0"]
[WhiteElo "2490"]
[BlackElo "2256"]
[PlyCount "52"]
[EventDate "2022.08.16"]
[EventType "team-tourn"]
[EventRounds "13"]
[EventCountry "TUR"]
[SourceTitle "CBM 209 Extra"]
[Source "ChessBase"]
[SourceDate "2022.09.30"]
[SourceVersion "1"]
[SourceVersionDate "2022.09.30"]
[SourceQuality "1"]
[WhiteTeam "Hatay Buyuksehir"]
[BlackTeam "Darassufaka Spor"]
[WhiteTeamCountry "TUN"]
[BlackTeamCountry "TUR"]

1. c4 Nf6 2. Nc3 d5 3. cxd5 Nxd5 4. Nf3 g6 5. h4 h5 6. e4 Nxc3 7. bxc3 Bg7 8. Rb1 0-0 9. Be2 Nd7 10. d4 c5 11. 0-0 Nf6 12. e5 Nd5 13. Rb3 Nb6 14. Ng5 Bf5 15. dxc5 Nd7 16. Rxb7 Nxe5 17. Qxd8 Rfxd8 18. Rxe7 Rd7 19. Rxd7 Nxd7 20. c6 Ne5 21. Ba6 Bc8 22. Bb5 Rb8 23. Ba4 Ba6 24. Be3 Rc8 25. Ne4 Bc4 26. c7 Bxa2 1-0

[Event "TUR-chT"]
[Site "Ankara"]
[Date "2022.08.23"]
[Round "8.2"]
[White "Unat, Can Haktan"]
[Black "Murzin, Volodar"]
[Result "1/2-1/2"]
[WhiteElo "2256"]
[BlackElo "2541"]
[PlyCount "126"]
[EventDate "2022.08.16"]
[EventType "team-tourn"]
[EventRounds "13"]
[EventCountry "TUR"]
[SourceTitle "CBM 209 Extra"]
[Source "ChessBase"]
[SourceDate "2022.09.30"]
[SourceVersion "1"]
[SourceVersionDate "2022.09.30"]
[SourceQuality "1"]
[WhiteTeam "Darassufaka Spor"]
[BlackTeam "Karaman Futbol"]
[WhiteTeamCountry "TUR"]
[BlackTeamCountry "TUN"]

1. e4 c5 2. Nf3 d6 3. d4 cxd4 4. Nxd4 Nf6 5. Nc3 a6 6. Rg1 h5 7. h3 h4 8. Bg5 Nbd7 9. Qd2 e6 10. 0-0-0 b5 11. Bd3 Bb7 12. a3 Be7 13. f4 Rc8 14. Nf3 Nh5 15. Kb1 Ng3 16. Rge1 Nc5 17. Qe3 Rh5 18. e5 d5 19. Bxe7 Qxe7 20. Nd4 g6 21. Rd2 Nxd3 22. cxd3 b4 23. axb4 Qxb4 24. Nce2 Nf5 25. Nxf5 gxf5 26. Nd4 Rh8 27. Ree2 Rg8 28. Rf2 a5 29. Nc2 d4 30. Qxd4 Qb3 31. Ne3 Rg3 32. Nc4 Rd8 33. Nd6+ Kf8 34. Qc5 Bd5 35. Nb7+ Ke8 36. Nxd8 Qa2+ 37. Kc1 Qa1+ 38. Kc2 Qa4+ 39. Kc1 Qa1+ 40. Kc2 Qa4+ 41. b3 Bxb3+ 42. Kb1 Kxd8 43. Qf8+ Kd7 44. Qxf7+ Kd8 45. Qf8+ Kd7 46. Qd6+ Ke8 47. Rb2 Kf7 48. Qc7+ Kg6 49. Rf3 Bd5 50. Rxg3+ hxg3 51. Rb8 Qd1+ 52. Kb2 Qd2+ 53. Kb1 Qxd3+ 54. Qc2 Qf1+ 55. Kb2 Qxf4 56. Rg8+ Kh7 57. Qc7+ Kxg8 58. Qd8+ Kf7 59. Qd7+ Kg6 60. Qe8+ Kg5 61. Qe7+ Kh6 62. Qf6+ Kh5 63. Qf7+ Kh6 1/2-1/2